00459 2200169 4500245005700000020002200057250001100079100002500090700002200115650003000137005001900167260004300186041001400229084001000243300002700253336000900280 aTunjukkan Siapa Dirimu !cBambang QomaruzzamanhText a978-979-3782-79-9 aCet. 1 aBambang Qomaruzzaman aRema K. Soenandar aImajinasi dan Kreativitas a20230217135359 aBandungbSimbiosa Rekatama Mediac2012 aIndonesia a153.3 aiv, 140 hlm. :c21 cm. atext